[Event "XVII. DBMM Schach"]
[Site "Berlin"]
[Date "2017.11.05"]
[Round "7.1"]
[White "Koscielski, Janusz"]
[Black "Michel, Steffen"]
[Result "1/2-1/2"]
[WhiteElo "2337"]
[BlackElo "2237"]
[Annotator "br"]
[PlyCount "108"]
[EventDate "2017.??.??"]
[EventType "team-swiss"]
[EventRounds "7"]
[EventCountry "GER"]
[SourceTitle "XVII. DBMM 2017"]
[Source "FV Schach e.V."]
[SourceDate "2018.05.26"]
[SourceVersion "1"]
[SourceVersionDate "2018.05.26"]
[SourceQuality "1"]
[WhiteTeam "EKJ Herne und Wanne-Eickel"]
[BlackTeam "Deutsche Bahn/BSW Berlin II"]
[WhiteTeamCountry "GER"]
[BlackTeamCountry "GER"]

1. e4 c5 2. Nf3 a6 3. c4 b6 4. Nc3 Bb7 5. d4 cxd4 6. Nxd4 Nf6 7. Bd3 d6 8. O-O
Nbd7 9. Qe2 e6 10. f4 Qc7 11. Bd2 Be7 12. Rac1 O-O 13. f5 exf5 14. Nd5 Nxd5 15.
cxd5 Qd8 16. Nxf5 Ne5 17. Bc3 g6 18. Nh6+ Kg7 19. Ng4 f6 20. Bd2 Nxg4 21. Qxg4
Bc8 22. Qh4 Kg8 23. Qg3 Rf7 24. Rf3 Qd7 25. Rcf1 Bb7 26. h4 Bc8 27. Bc3 Qg4 28.
Qf2 f5 29. Rf4 Qh5 30. exf5 g5 31. Rc4 b5 32. Rc7 b4 33. Bd4 gxh4 34. Qe1 Qg4
35. Qe3 h3 36. Rf2 Bf8 37. Rxf7 Kxf7 38. Be2 Qh4 39. b3 Bd7 40. Bb2 h2+ 41. Kh1
Bh6 42. Qf3 Kf8 43. g3 Qg5 44. Kxh2 Re8 45. Bd4 Qd2 46. Bd3 Qg5 47. Bxa6 Re1
48. Bf1 Be8 49. g4 Bf7 50. Rc2 Qf4+ 51. Qxf4 Bxf4+ 52. Kg1 Bxd5 53. Rc8+ Kf7
54. Rc7+ Kf8 1/2-1/2

[Event "XVII. DBMM Schach"]
[Site "Berlin"]
[Date "2017.11.05"]
[Round "7.2"]
[White "Jauk, Wilhelm"]
[Black "Hortolani, Sven Holger"]
[Result "0-1"]
[WhiteElo "2132"]
[BlackElo "2149"]
[Annotator "br"]
[PlyCount "114"]
[EventDate "2017.??.??"]
[EventType "team-swiss"]
[EventRounds "7"]
[EventCountry "GER"]
[SourceTitle "XVII. DBMM 2017"]
[Source "FV Schach e.V."]
[SourceDate "2018.05.26"]
[SourceVersion "1"]
[SourceVersionDate "2018.05.26"]
[SourceQuality "1"]
[WhiteTeam "Deutsche Bahn/BSW Berlin II"]
[BlackTeam "EKJ Herne und Wanne-Eickel"]
[WhiteTeamCountry "GER"]
[BlackTeamCountry "GER"]

1. d4 g6 2. Nf3 Bg7 3. c4 c5 4. e3 Nf6 5. Be2 O-O 6. O-O d6 7. b3 Nc6 8. Bb2
cxd4 9. Nxd4 Nxd4 10. Bxd4 Bd7 11. Nd2 Bc6 12. Bf3 Nd7 13. Bxg7 Kxg7 14. Qc2
Qa5 15. Rfd1 Rac8 16. Rac1 Ne5 17. Qb2 Kg8 18. Be2 Nd7 19. b4 Qg5 20. Nf3 Bxf3
21. Bxf3 Rc7 22. Rc2 Rfc8 23. Rdc1 h5 24. Be2 Qf5 25. Rc3 Qf6 26. Qa3 b6 27. h3
Kg7 28. Bf1 a5 29. bxa5 Ra8 30. Qb4 Rxa5 31. Ra3 Rca7 32. Rxa5 Rxa5 33. a3 Qe5
34. Rb1 Qe4 35. Qc3+ Qe5 36. Qxe5+ dxe5 37. Rb3 f5 38. Be2 Kf6 39. g4 hxg4 40.
hxg4 Ra4 41. gxf5 gxf5 42. Kg2 Ra8 43. f4 e4 44. Kf2 Rh8 45. Ke1 Ke6 46. Kd2
Kd6 47. Kc3 Rh2 48. Bd1 Rh1 49. Bc2 Rh2 50. Rb1 Re2 51. Rd1+ Kc7 52. Ba4 Nc5
53. Be8 Rxe3+ 54. Kd4 Rd3+ 55. Rxd3 Nxd3 56. Ba4 Kd6 57. Bd1 Nxf4 0-1

[Event "XVII. DBMM Schach"]
[Site "Berlin"]
[Date "2017.11.05"]
[Round "7.3"]
[White "Leveikina, Jevgenija"]
[Black "Strauss, Peter"]
[Result "1/2-1/2"]
[WhiteElo "2099"]
[BlackElo "1838"]
[Annotator "br"]
[PlyCount "65"]
[EventDate "2017.??.??"]
[EventType "team-swiss"]
[EventRounds "7"]
[EventCountry "GER"]
[SourceTitle "XVII. DBMM 2017"]
[Source "FV Schach e.V."]
[SourceDate "2018.05.26"]
[SourceVersion "1"]
[SourceVersionDate "2018.05.26"]
[SourceQuality "1"]
[WhiteTeam "EKJ Herne und Wanne-Eickel"]
[BlackTeam "Deutsche Bahn/BSW Berlin II"]
[WhiteTeamCountry "GER"]
[BlackTeamCountry "GER"]

1. d4 d5 2. Nf3 Nf6 3. c4 e6 4. cxd5 exd5 5. Nc3 c6 6. Bg5 Be7 7. e3 h6 8. Bh4
O-O 9. Qc2 Re8 10. Bd3 Nbd7 11. O-O Ne4 12. Bxe7 Qxe7 13. a3 Nxc3 14. Qxc3 c5
15. dxc5 Nxc5 16. Rac1 Ne6 17. Qe5 Ng5 18. Qxe7 Nxf3+ 19. gxf3 Rxe7 $11 20.
Rfd1 Bh3 21. Bf1 Be6 22. f4 Rd7 23. Bg2 f5 24. Rd4 Kf8 25. Rc5 Rad8 26. Bf1 b6
27. Rc3 Rd6 28. Ba6 Ke7 29. Kf1 Kf6 30. Ke2 g5 31. Rc7 R8d7 32. Rc1 Rg7 33.
fxg5+ 1/2-1/2

[Event "XVII. DBMM Schach"]
[Site "Berlin"]
[Date "2017.11.05"]
[Round "7.4"]
[White "Rollwitz, Juergen"]
[Black "Selmanaj, Agim"]
[Result "1/2-1/2"]
[WhiteElo "1936"]
[BlackElo "1643"]
[Annotator "br"]
[PlyCount "54"]
[EventDate "2017.??.??"]
[EventType "team-swiss"]
[EventRounds "7"]
[EventCountry "GER"]
[SourceTitle "XVII. DBMM 2017"]
[Source "FV Schach e.V."]
[SourceDate "2018.05.26"]
[SourceVersion "1"]
[SourceVersionDate "2018.05.26"]
[SourceQuality "1"]
[WhiteTeam "Deutsche Bahn/BSW Berlin II"]
[BlackTeam "EKJ Herne und Wanne-Eickel"]
[WhiteTeamCountry "GER"]
[BlackTeamCountry "GER"]

1. e4 g6 2. d4 Bg7 3. Nf3 d6 4. Bc4 e6 5. Nc3 Nc6 6. Be3 Bd7 7. Qd2 e5 8. dxe5
Nxe5 9. Nxe5 Bxe5 10. O-O-O Be6 11. Bxe6 fxe6 12. f4 Bg7 13. g4 Ne7 14. Kb1 a6
15. Rhe1 Qd7 16. Bd4 Bxd4 17. Qxd4 O-O-O 18. h3 Kb8 19. e5 d5 20. Ne4 b6 21.
Nf6 Qc8 22. Qb4 Nc6 23. Qa3 Ka7 24. b4 Nb8 25. c3 c5 26. b5 a5 27. Qb2 a4 {
Rest unleserlich.} 1/2-1/2

[Event "XVII. DBMM Schach"]
[Site "Berlin"]
[Date "2017.11.05"]
[Round "7.1"]
[White "Hedden, Helge"]
[Black "Achermann, Didier"]
[Result "1-0"]
[WhiteElo "2112"]
[BlackElo "1811"]
[Annotator "br"]
[PlyCount "101"]
[EventDate "2017.??.??"]
[EventType "team-swiss"]
[EventRounds "7"]
[EventCountry "GER"]
[SourceTitle "XVII. DBMM 2017"]
[Source "FV Schach e.V."]
[SourceDate "2018.05.26"]
[SourceVersion "1"]
[SourceVersionDate "2018.05.26"]
[SourceQuality "1"]
[WhiteTeam "Baubehoerde Hamburg"]
[BlackTeam "Europäisches Patentamt Muenchen II"]
[WhiteTeamCountry "GER"]
[BlackTeamCountry "GER"]

1. d4 Nf6 2. Nf3 g6 3. g3 Bg7 4. Bg2 O-O 5. O-O d6 6. Re1 Nbd7 7. e4 e5 8. c3
c6 9. Nbd2 Qc7 10. Qc2 Re8 11. b3 exd4 12. cxd4 a5 13. Bb2 Nf8 14. Rad1 N6d7
15. Rc1 Qb8 16. Ba3 Nf6 17. Nc4 d5 18. Bd6 Qa7 19. Bc5 Qb8 20. Nd6 Rd8 21. e5
N6d7 22. Ba3 Ne6 23. Qd2 h6 24. Qc2 Ndf8 25. h4 Nc7 26. Kh2 Ne8 27. Nxc8 Qxc8
28. Be7 Qc7 29. Bxd8 Qxd8 30. Bh3 Nc7 31. Qd3 Nce6 32. Rc2 f5 33. exf6 Qxf6 34.
Ne5 g5 35. h5 Nc7 36. Rce2 Nb5 37. Kg1 Nd6 38. Re3 Ne4 39. Rf3 Qd8 40. Rxe4
dxe4 41. Qxe4 Qe8 42. Bf5 Rd8 43. g4 Rxd4 44. Qxd4 Qxe5 45. Qxe5 Bxe5 46. Re3
Bd4 47. Re4 Bf6 48. Re8 b6 49. Rc8 Bd4 50. Rxc6 Kg7 51. Kf1 1-0

[Event "XVII. DBMM Schach"]
[Site "Berlin"]
[Date "2017.11.05"]
[Round "7.2"]
[White "Junker, Carsten"]
[Black "Hein, Ralf"]
[Result "1/2-1/2"]
[WhiteElo "1715"]
[BlackElo "2045"]
[Annotator "br"]
[PlyCount "73"]
[EventDate "2017.??.??"]
[EventType "team-swiss"]
[EventRounds "7"]
[EventCountry "GER"]
[SourceTitle "XVII. DBMM 2017"]
[Source "FV Schach e.V."]
[SourceDate "2018.05.26"]
[SourceVersion "1"]
[SourceVersionDate "2018.05.26"]
[SourceQuality "1"]
[WhiteTeam "Europäisches Patentamt Muenchen II"]
[BlackTeam "Baubehoerde Hamburg"]
[WhiteTeamCountry "GER"]
[BlackTeamCountry "GER"]

1. c4 c5 2. Nf3 Nc6 3. d4 cxd4 4. Nxd4 Qb6 5. Nb5 Nf6 6. Be3 Qd8 7. N1c3 d6 8.
Nd5 Nxd5 9. cxd5 Qa5+ 10. Nc3 Ne5 11. Bd4 Bd7 12. e4 f6 13. f4 Nf7 14. Qb3 Rb8
15. Kf2 b5 16. Bxb5 Rxb5 17. Nxb5 Bxb5 18. a4 Qd2+ 19. Kg3 Qd3+ 20. Qxd3 Bxd3
21. Rhc1 Bxe4 22. Rc8+ Kd7 23. Rac1 Bxd5 24. f5 Nd8 25. R1c7+ Ke8 26. Bxa7 e6
27. Bb6 Be7 28. a5 exf5 29. a6 g5 30. a7 h5 31. a8=Q Bxa8 32. Rxa8 h4+ 33. Kf2
f4 34. Rcc8 Kd7 35. Rc7+ Ke6 36. Rcc8 Kd7 37. Rc7+ 1/2-1/2

[Event "XVII. DBMM Schach"]
[Site "Berlin"]
[Date "2017.11.05"]
[Round "7.4"]
[White "Nehls, Gerhard"]
[Black "Kaliski, Achim"]
[Result "1/2-1/2"]
[WhiteElo "1531"]
[BlackElo "1947"]
[Annotator "br"]
[PlyCount "98"]
[EventDate "2017.??.??"]
[EventType "team-swiss"]
[EventRounds "7"]
[EventCountry "GER"]
[SourceTitle "XVII. DBMM 2017"]
[Source "FV Schach e.V."]
[SourceDate "2018.05.26"]
[SourceVersion "1"]
[SourceVersionDate "2018.05.26"]
[SourceQuality "1"]
[WhiteTeam "Europäisches Patentamt Muenchen II"]
[BlackTeam "Baubehoerde Hamburg"]
[WhiteTeamCountry "GER"]
[BlackTeamCountry "GER"]

1. Nf3 f5 2. d4 g6 3. Bf4 Nf6 4. e3 Bg7 5. Bc4 d5 6. Bb3 e6 7. c4 c6 8. Nc3
Nbd7 9. O-O O-O 10. Rc1 h6 11. Bd6 Rf7 12. Ne5 Nxe5 13. Bxe5 Nh5 14. f4 Nf6 15.
Rf3 Ng4 16. h3 Nxe5 17. dxe5 Bd7 18. Ne2 Bf8 19. cxd5 cxd5 20. Nd4 Rc8 21. Rf2
Bc5 22. Kh1 Bxd4 23. exd4 Rxc1 24. Qxc1 Qh4 25. Rc2 Bc6 26. Kh2 g5 27. g3 Qh5
28. Qe3 Rg7 29. Rg2 Bb5 30. g4 fxg4 31. Rxg4 gxf4 32. Rxg7+ Kxg7 33. Qxf4 Qe2+
34. Kg1 Qe1+ 35. Kh2 Qe2+ 36. Kg1 Qe1+ 37. Kh2 Qf1 38. Qxf1 Bxf1 39. Bc2 Bb5
40. Kg3 Be8 41. h4 Kf7 42. Kg4 Ke7 43. b4 Kd8 44. h5 Kc7 45. Bg6 Bd7 46. Bc2
Kb6 47. a4 a6 48. Kf4 Be8 49. Bd1 Kc7 1/2-1/2

[Event "XVII. DBMM Schach"]
[Site "Berlin"]
[Date "2017.11.05"]
[Round "7.1"]
[White "Prange, Stefan"]
[Black "Mueller, Mark"]
[Result "1/2-1/2"]
[WhiteElo "2180"]
[BlackElo "2090"]
[Annotator "br"]
[PlyCount "99"]
[EventDate "2017.??.??"]
[EventType "team-swiss"]
[EventRounds "7"]
[EventCountry "GER"]
[SourceTitle "XVII. DBMM 2017"]
[Source "FV Schach e.V."]
[SourceDate "2018.05.26"]
[SourceVersion "1"]
[SourceVersionDate "2018.05.26"]
[SourceQuality "1"]
[WhiteTeam "Gardez Robe Berlin"]
[BlackTeam "BA Tempelhof Berlin II"]
[WhiteTeamCountry "GER"]
[BlackTeamCountry "GER"]

1. d4 Nf6 2. c4 g6 3. Nc3 Bg7 4. e4 O-O 5. Be2 d6 6. Bg5 Na6 7. Qd2 e5 8. d5 c6
9. f3 cxd5 $11 10. cxd5 h6 11. Be3 Kh7 12. g4 Ne8 13. h4 Bd7 14. Bb5 Nec7 15.
Bxd7 $11 Qxd7 16. Nge2 b5 17. h5 g5 18. Ng3 b4 19. Nce2 Nc5 20. Nf5 Bf6 21. Kf2
a5 22. Kg2 Rfc8 23. Neg3 Qd8 24. Rac1 N7a6 25. Rc4 Be7 26. Rhc1 Bf8 27. Bf2 Rc7
28. Ne3 Qb8 29. Ngf5 Qb5 30. Bg3 Rac8 31. b3 a4 32. Qc2 axb3 33. axb3 Nb7 34.
Qb2 Rc5 35. Ra1 Na5 36. Nxd6 Bxd6 37. Bxe5 Bf8 38. Rxa5 Qxa5 39. Qc2 Qd8 40.
Bd4 Rxc4 41. bxc4 Bc5 42. e5+ Kg8 43. e6 Bxd4 44. exf7+ Kf8 45. Qh7 Bxe3 46.
Qxh6+ Kxf7 47. Qe6+ Kf8 48. Qh6+ Ke8 49. Qe6+ Kf8 50. Qh6+ 1/2-1/2

[Event "XVII. DBMM Schach"]
[Site "Berlin"]
[Date "2017.11.05"]
[Round "7.2"]
[White "Feikes, Joerg"]
[Black "Waldner, Gerhard"]
[Result "1-0"]
[WhiteElo "1971"]
[BlackElo "1993"]
[Annotator "br"]
[PlyCount "141"]
[EventDate "2017.??.??"]
[EventType "team-swiss"]
[EventRounds "7"]
[EventCountry "GER"]
[SourceTitle "XVII. DBMM 2017"]
[Source "FV Schach e.V."]
[SourceDate "2018.05.26"]
[SourceVersion "1"]
[SourceVersionDate "2018.05.26"]
[SourceQuality "1"]
[WhiteTeam "BA Tempelhof Berlin II"]
[BlackTeam "Gardez Robe Berlin"]
[WhiteTeamCountry "GER"]
[BlackTeamCountry "GER"]

1. e4 g6 2. d4 Bg7 3. Nf3 d6 4. Be2 Nf6 5. Nc3 O-O 6. O-O c6 7. Re1 Qc7 8. a4
b6 9. h3 Nbd7 10. Be3 a6 11. Qd2 Bb7 12. Bh6 e5 13. Bxg7 Kxg7 14. Rad1 b5 15.
b4 Rfe8 16. dxe5 dxe5 17. Qd6 Qd8 18. Rd2 Re6 19. Qd3 h6 20. Red1 Qe7 21. Rb1
Nf8 22. Rdd1 Ne8 23. Qe3 Qf6 24. Nd2 Rd6 25. Nb3 Rad8 26. Nc5 Bc8 27. axb5 axb5
28. Ra1 Rxd1+ 29. Nxd1 Nc7 30. Nb2 Nce6 31. Nbd3 Nd4 32. Bd1 Nfe6 33. c3 Nxc5
34. Nxc5 Ne6 35. Bb3 Nf4 36. Ra7 Be6 37. Nxe6+ Nxe6 38. g3 Ng5 39. Kg2 Ne6 40.
Qf3 Qxf3+ 41. Kxf3 Kf6 42. Ke3 Rd6 43. f4 Nd8 44. fxe5+ Kxe5 45. Bxf7 Kf6 46.
Bb3 g5 47. Ra1 Rd7 48. Rf1+ Ke7 49. e5 Ra7 50. Ke4 Ra3 51. Rb1 Ra7 52. g4 Rc7
53. Rf1 c5 54. bxc5 Rxc5 55. Kd4 Rc8 56. Rf6 Nc6+ 57. Ke4 Na5 58. Be6 Rxc3 59.
Rxh6 b4 60. Kf5 b3 61. Kxg5 b2 62. Bf5 Rf3 63. Rb6 Nc4 64. Rb7+ Kd8 65. Kf6
Rxh3 66. Rb8+ Kc7 67. Rc8+ Kb6 68. Rxc4 Rb3 69. e6 b1=Q 70. Bxb1 Rxb1 71. Re4
1-0

[Event "XVII. DBMM Schach"]
[Site "Berlin"]
[Date "2017.11.05"]
[Round "7.3"]
[White "Humke, Andreas"]
[Black "Thomas, Andreas"]
[Result "1-0"]
[WhiteElo "1961"]
[BlackElo "1852"]
[Annotator "br"]
[PlyCount "91"]
[EventDate "2017.??.??"]
[EventType "team-swiss"]
[EventRounds "7"]
[EventCountry "GER"]
[SourceTitle "XVII. DBMM 2017"]
[Source "FV Schach e.V."]
[SourceDate "2018.05.26"]
[SourceVersion "1"]
[SourceVersionDate "2018.05.26"]
[SourceQuality "1"]
[WhiteTeam "Gardez Robe Berlin"]
[BlackTeam "BA Tempelhof Berlin II"]
[WhiteTeamCountry "GER"]
[BlackTeamCountry "GER"]

1. e4 c5 2. Nf3 e6 3. c4 Nc6 4. d4 cxd4 5. Nxd4 Qc7 6. Nc3 Nf6 7. Be3 a6 8. Rc1
Be7 9. Be2 O-O 10. O-O d6 11. f3 Ne5 12. b3 b6 13. Qe1 Bb7 14. Qf2 Ned7 15. b4
Rac8 16. Na4 Bd8 17. Nb3 Bc6 18. b5 Bb7 19. bxa6 Bc6 20. Nc3 Qa7 21. Nb5 Qxa6
22. Nxd6 Rb8 23. Nd4 Qa8 24. Rc2 Ba4 25. Rb2 Ne8 26. N6b5 Bf6 27. Rd2 Nc5 28.
Rb1 Be7 29. Nb3 Bxb3 30. axb3 Rd8 31. Bf1 Nf6 32. Ra2 Qc6 33. Ra7 Rd7 34. b4
Nd3 35. Bxd3 Rxd3 36. Rxe7 Qxc4 37. Nd4 Rd8 38. g3 Qc3 39. Rb3 Qa1+ 40. Kg2 Rd1
41. Ne2 Nd7 42. Bd4 Qa4 43. Rb2 Kf8 44. Nc3 Qc6 45. Rxd7 Rxd7 46. Nxd1 1-0

[Event "XVII. DBMM Schach"]
[Site "Berlin"]
[Date "2017.11.05"]
[Round "7.4"]
[White "Baranowsky, Peter"]
[Black "Hoffmann, Michael"]
[Result "1-0"]
[WhiteElo "1878"]
[BlackElo "1949"]
[Annotator "br"]
[PlyCount "91"]
[EventDate "2017.??.??"]
[EventType "team-swiss"]
[EventRounds "7"]
[EventCountry "GER"]
[SourceTitle "XVII. DBMM 2017"]
[Source "FV Schach e.V."]
[SourceDate "2018.05.26"]
[SourceVersion "1"]
[SourceVersionDate "2018.05.26"]
[SourceQuality "1"]
[WhiteTeam "BA Tempelhof Berlin II"]
[BlackTeam "Gardez Robe Berlin"]
[WhiteTeamCountry "GER"]
[BlackTeamCountry "GER"]

1. e4 c5 2. Nf3 Nc6 3. d4 cxd4 4. Nxd4 Qb6 5. Nb3 Nf6 6. Nc3 e6 7. Be3 Qc7 8.
f3 Bb4 9. Qd2 d5 10. a3 Bxc3 11. Qxc3 dxe4 12. fxe4 O-O 13. Nd2 e5 14. Be2 Be6
15. O-O Rac8 16. Rxf6 gxf6 17. Bh6 Kh8 18. Bxf8 Rxf8 19. Rf1 Qb6+ 20. Kh1 Nd4
21. Qe3 Nxe2 22. Qxe2 Rg8 23. Qf2 $11 Qxf2 24. Rxf2 Rd8 25. Kg1 Kg7 26. Nf3 Kg6
27. Kf1 h5 28. Ke1 b6 29. Rd2 Rxd2 $11 30. Kxd2 Bg4 31. Ke3 Kg7 32. h3 Be6 33.
Kd3 Kf8 34. b3 Ke7 35. Nh4 Kf8 36. Nf5 Kg8 37. h4 Kf8 38. c4 Ke8 39. b4 Kd7 40.
Kc3 Kc6 41. g3 Bd7 42. Kd3 Be6 43. g4 hxg4 44. h5 Bxf5 45. exf5 g3 46. Ke3 1-0

[Event "XVII. DBMM Schach"]
[Site "Berlin"]
[Date "2017.11.05"]
[Round "7.1"]
[White "Koerlin, Hans Juergen"]
[Black "Bladt, Friedhelm"]
[Result "1-0"]
[WhiteElo "1845"]
[BlackElo "2018"]
[Annotator "br"]
[PlyCount "47"]
[EventDate "2017.??.??"]
[EventType "team-swiss"]
[EventRounds "7"]
[EventCountry "GER"]
[SourceTitle "XVII. DBMM 2017"]
[Source "FV Schach e.V."]
[SourceDate "2018.05.26"]
[SourceVersion "1"]
[SourceVersionDate "2018.05.26"]
[SourceQuality "1"]
[WhiteTeam "BA Tempelhof Berlin III"]
[BlackTeam "SG Bayer Berlin"]
[WhiteTeamCountry "GER"]
[BlackTeamCountry "GER"]

1. e4 d6 2. d4 Nf6 3. Nc3 e5 4. dxe5 dxe5 5. Qxd8+ Kxd8 6. a3 Be6 7. f4 exf4 8.
Bxf4 c6 9. O-O-O+ Nbd7 10. Nf3 Ng4 11. Rd2 h6 12. h4 Bc5 13. Nd1 Bb6 14. g3
Ngf6 15. Nc3 Nh5 16. Nd4 Re8 17. Na4 Bc7 18. Nxe6+ fxe6 19. Nc5 Nxf4 20. Rxd7+
Kc8 21. Rxc7+ Kxc7 22. gxf4 Kb6 23. Nd3 Rf8 24. Rg1 1-0

[Event "XVII. DBMM Schach"]
[Site "Berlin"]
[Date "2017.11.05"]
[Round "7.3"]
[White "Schneider, Eckehard"]
[Black "Froehlich, Sergej"]
[Result "1-0"]
[WhiteElo "1842"]
[BlackElo "1763"]
[Annotator "br"]
[PlyCount "38"]
[EventDate "2017.??.??"]
[EventType "team-swiss"]
[EventRounds "7"]
[EventCountry "GER"]
[SourceTitle "XVII. DBMM 2017"]
[Source "FV Schach e.V."]
[SourceDate "2018.05.26"]
[SourceVersion "1"]
[SourceVersionDate "2018.05.26"]
[SourceQuality "1"]
[WhiteTeam "BA Tempelhof Berlin III"]
[BlackTeam "SG Bayer Berlin"]
[WhiteTeamCountry "GER"]
[BlackTeamCountry "GER"]

1. e4 c5 2. c3 Nf6 3. e5 Nd5 4. Nf3 e6 5. Bc4 Nb6 6. Bb3 c4 7. Bc2 Nc6 8. O-O
d6 9. Qe2 Be7 10. b3 dxe5 11. Nxe5 Nxe5 12. Qxe5 Nd7 13. Qxg7 Bf6 14. Qh6 Ne5
15. bxc4 Rg8 16. d4 Ng4 17. Qf4 Be7 18. Ba3 b5 19. Be4 Rb8 1-0

[Event "XVII. DBMM Schach"]
[Site "Berlin"]
[Date "2017.11.05"]
[Round "7.4"]
[White "Althaus, Boris"]
[Black "Meseck, Michael"]
[Result "1/2-1/2"]
[WhiteElo "1414"]
[BlackElo "1514"]
[Annotator "br"]
[PlyCount "88"]
[EventDate "2017.??.??"]
[EventType "team-swiss"]
[EventRounds "7"]
[EventCountry "GER"]
[SourceTitle "XVII. DBMM 2017"]
[Source "FV Schach e.V."]
[SourceDate "2018.05.26"]
[SourceVersion "1"]
[SourceVersionDate "2018.05.26"]
[SourceQuality "1"]
[WhiteTeam "SG Bayer Berlin"]
[BlackTeam "BA Tempelhof Berlin III"]
[WhiteTeamCountry "GER"]
[BlackTeamCountry "GER"]

1. e4 e5 2. Nf3 Nc6 3. Bc4 Nf6 4. d3 Bc5 5. O-O O-O 6. Nc3 h6 7. Re1 d6 8. h3
Na5 9. b3 Nxc4 10. bxc4 Bb4 11. Bb2 b6 12. Rf1 a6 13. d4 Bxc3 14. Bxc3 Nxe4 15.
Qd3 Nxc3 16. Qxc3 exd4 17. Nxd4 Qf6 18. Rae1 c5 19. Ne2 Qxc3 20. Nxc3 Bf5 21.
Nd5 Bxc2 22. Nxb6 Rad8 23. Re7 Rfe8 24. Rfe1 Rxe7 25. Rxe7 Kf8 26. Re3 Bf5 27.
g4 Be6 28. f4 g6 29. Kf2 Kg7 30. Rf3 f5 31. Re3 Kf7 32. gxf5 Bxf5 33. Nd5 Rd7
34. h4 h5 35. Ra3 Ra7 36. Nb6 Ke6 37. Nd5 Kf7 38. Rb3 Ke6 39. Ke3 Rd7 40. Rb6
a5 41. Rb5 Ra7 42. Rb6 Bh3 43. Rb8 Kf7 44. Rb6 Ke6 1/2-1/2

[Event "XVII. DBMM Schach"]
[Site "Berlin"]
[Date "2017.11.05"]
[Round "7.1"]
[White "Kludszuweit, Kim Ira"]
[Black "Hufnagel, Markus"]
[Result "0-1"]
[WhiteElo "1665"]
[BlackElo "1693"]
[Annotator "br"]
[PlyCount "50"]
[EventDate "2017.??.??"]
[EventType "team-swiss"]
[EventRounds "7"]
[EventCountry "GER"]
[SourceTitle "XVII. DBMM 2017"]
[Source "FV Schach e.V."]
[SourceDate "2018.05.26"]
[SourceVersion "1"]
[SourceVersionDate "2018.05.26"]
[SourceQuality "1"]
[WhiteTeam "Vodafone II"]
[BlackTeam "Deutsche Bahn Oberhausen"]
[WhiteTeamCountry "GER"]
[BlackTeamCountry "GER"]

1. c4 Nf6 2. d4 e5 3. dxe5 Ng4 4. Nf3 Nc6 5. e4 Bc5 6. Be3 Bxe3 7. fxe3 Ngxe5
8. Nbd2 d6 9. Be2 O-O 10. O-O Qe7 11. Nd4 Qg5 12. Qb3 Nxd4 13. exd4 Qxd2 14.
dxe5 Qxe2 15. exd6 cxd6 16. Rae1 Qh5 17. Rf2 Qc5 18. a3 Be6 19. Rc1 Rab8 20.
Qc3 Rbc8 21. Qg3 f5 22. b4 Qd4 23. Kh1 fxe4 24. Re2 Qxc4 25. Rce1 Qxe2 0-1

[Event "XVII. DBMM Schach"]
[Site "Berlin"]
[Date "2017.11.05"]
[Round "7.2"]
[White "Grunwald, Guenther"]
[Black "Renzelmann, Jannis"]
[Result "1/2-1/2"]
[WhiteElo "1611"]
[BlackElo "1641"]
[Annotator "br"]
[PlyCount "54"]
[EventDate "2017.??.??"]
[EventType "team-swiss"]
[EventRounds "7"]
[EventCountry "GER"]
[SourceTitle "XVII. DBMM 2017"]
[Source "FV Schach e.V."]
[SourceDate "2018.05.26"]
[SourceVersion "1"]
[SourceVersionDate "2018.05.26"]
[SourceQuality "1"]
[WhiteTeam "Deutsche Bahn Oberhausen"]
[BlackTeam "Vodafone II"]
[WhiteTeamCountry "GER"]
[BlackTeamCountry "GER"]

1. e4 e5 2. Nf3 Nf6 3. Nxe5 d6 4. Nf3 Nxe4 5. d4 d5 6. Bd3 Bf5 7. O-O Be7 8. c4
c6 9. Nc3 Nxc3 10. bxc3 Bxd3 11. Qxd3 O-O 12. Re1 Nd7 13. cxd5 cxd5 14. Qb5 Nb6
15. a4 Re8 16. a5 Qd7 17. Qxd7 Nxd7 18. Rb1 b6 19. Rb5 Nf6 20. axb6 axb6 21.
Rxb6 Bf8 22. Rxe8 Rxe8 23. Kf1 Rc8 24. Bb2 Ne4 25. Rb3 g6 26. Ke2 Re8 27. Kf1
Rc8 1/2-1/2

[Event "XVII. DBMM Schach"]
[Site "Berlin"]
[Date "2017.11.05"]
[Round "7.3"]
[White "Baader, Matthieu"]
[Black "Holdsch, Peter Michael"]
[Result "0-1"]
[WhiteElo "1492"]
[BlackElo "1628"]
[Annotator "br"]
[PlyCount "267"]
[EventDate "2017.??.??"]
[EventType "team-swiss"]
[EventRounds "7"]
[EventCountry "GER"]
[SourceTitle "XVII. DBMM 2017"]
[Source "FV Schach e.V."]
[SourceDate "2018.05.26"]
[SourceVersion "1"]
[SourceVersionDate "2018.05.26"]
[SourceQuality "1"]
[WhiteTeam "Vodafone II"]
[BlackTeam "Deutsche Bahn Oberhausen"]
[WhiteTeamCountry "GER"]
[BlackTeamCountry "GER"]

1. c4 Nf6 2. Nc3 e6 3. d3 Be7 4. e4 d6 5. f4 Nbd7 6. Be2 b6 7. Bf3 Bb7 8. e5
Bxf3 9. Nxf3 dxe5 10. fxe5 Ng8 11. O-O Bb4 12. Qe2 Ne7 13. Ng5 O-O 14. Qh5 h6
15. Nxf7 Qe8 16. Nxh6+ gxh6 17. Rxf8+ Qxf8 18. Bxh6 Bc5+ 19. Kh1 Qf5 20. Qxf5
Nxf5 21. Bf4 Bd4 22. Re1 Kf7 23. Re2 a6 24. g3 Nc5 25. Rd2 Rd8 26. Ne4 Nxe4 27.
dxe4 Ng7 28. b3 Ke8 29. Kg2 c5 30. Kf3 Kf7 31. Kg4 Rg8 32. Kf3 Rf8 33. g4 Rh8
34. Kg3 Rg8 35. h3 Nh5+ 36. Kf3 Nxf4 37. Kxf4 Rh8 38. Rd3 Kg6 39. Rf3 Rf8+ 40.
Kg3 Bxe5+ 41. Kg2 Rxf3 42. Kxf3 Kg5 43. a3 Kh4 44. Kg2 a5 45. a4 Bf4 46. Kf3 e5
47. Kg2 Bc1 48. Kh2 Kg5 49. Kg3 Bf4+ 50. Kf3 Kh4 51. Kg2 Bg3 52. g5 Bf4 53. g6
Bh6 54. Kh2 Kg5 55. Kg3 Kxg6 56. Kh4 Bf4 57. Kg4 Kf6 58. Kh5 Bd2 59. Kh4 Kg6
60. Kg4 Bh6 61. Kh4 Bg7 62. Kg4 Bh6 63. Kh4 Bg7 64. Kg4 Kf6 65. Kh5 Bf8 66. Kg4
Kg6 67. Kh4 Be7+ 68. Kg4 Bf6 69. h4 Bg7 70. h5+ Kf6 71. Kh4 Bh6 72. Kg4 Bg5 73.
Kh3 Kg7 74. Kg4 Kh6 75. Kf5 Bf4 76. Kg4 Bh2 77. Kh4 Bg1 78. Kg4 Bf2 79. Kf5 Bg3
80. Kg4 Bf4 81. Kh4 Kg7 82. Kg4 Kf6 83. Kh4 Be3 84. Kg4 Bf2 85. Kf3 Be1 86. Kg4
Bf2 87. Kf3 Kg5 88. Kxf2 Kxh5 89. Kg3 Kg5 90. Kf3 Kh4 91. Ke2 Kg3 92. Ke3 Kg2
93. Ke2 Kg3 94. Ke3 Kg4 95. Ke2 Kg3 96. Ke3 Kg2 97. Ke2 Kg3 98. Ke3 Kg4 99. Ke2
Kg3 100. Ke3 Kg2 101. Ke2 Kg3 102. Ke3 Kh4 103. Kd2 Kh3 104. Kd3 Kg2 105. Ke2
Kh3 106. Kd3 Kg3 107. Ke3 Kg2 108. Ke2 Kh3 109. Kd3 Kh4 110. Kd2 Kg5 111. Ke3
Kg4 112. Ke2 Kf4 113. Kd3 Kf3 114. Kd2 Kxe4 115. Ke2 Kd4 116. Kd2 e4 117. Kc2
e3 118. Kd1 Kc3 119. Ke2 Kxb3 120. Kxe3 Kxc4 121. Kd2 Kb4 122. Kd3 c4+ 123. Kc2
Kxa4 124. Kc3 b5 125. Kb2 b4 126. Ka2 c3 127. Kb1 Kb3 128. Kc1 Kc4 129. Kc2 b3+
130. Kc1 Kd3 131. Kb1 Kd2 132. Ka1 c2 133. Kb2 c1=Q+ 134. Kxb3 0-1